|
|
|
|
| LEADER |
00000nam0a2200000 4500 |
| 001 |
57842 |
| 005 |
20231031054505.0 |
| 010 |
|
|
|a 5235025938
|
| 035 |
|
|
|a (RuTPU)RU\TPU\book\61067
|
| 090 |
|
|
|a 57842
|
| 100 |
|
|
|a 20031118d2003 km y0rusy50 ca
|
| 101 |
0 |
|
|a rus
|
| 102 |
|
|
|a RU
|
| 105 |
|
|
|a a z 001zy
|
| 200 |
1 |
|
|a Геополитика ислама
|f С. А. Модестов
|
| 210 |
|
|
|a Москва
|c Молодая гвардия
|d 2003
|
| 215 |
|
|
|a 190 с.
|c ил.
|
| 320 |
|
|
|a Библиогр.: с. 184-187.
|
| 610 |
1 |
|
|a религия
|
| 610 |
1 |
|
|a ислам
|
| 610 |
1 |
|
|a исламские страны
|
| 610 |
1 |
|
|a политика
|
| 610 |
1 |
|
|a геополитика
|
| 610 |
1 |
|
|a арабские страны
|
| 610 |
1 |
|
|a мусульманские страны
|
| 610 |
1 |
|
|a Марокко
|
| 610 |
1 |
|
|a Египет
|
| 610 |
1 |
|
|a Палестина
|
| 610 |
1 |
|
|a Саудовская Аравия
|
| 610 |
1 |
|
|a Ливан
|
| 610 |
1 |
|
|a Турция
|
| 610 |
1 |
|
|a Афганистан
|
| 610 |
1 |
|
|a Пакистан
|
| 610 |
1 |
|
|a Китай
|
| 610 |
1 |
|
|a США
|
| 610 |
1 |
|
|a Россия
|
| 610 |
1 |
|
|a международная политика
|
| 686 |
|
|
|a Э38
|v LBC/SL-A
|2 rubbk
|
| 686 |
|
|
|a Ф4(5)
|v LBC/SL-A
|2 rubbk
|
| 700 |
|
1 |
|a Модестов
|b С. А.
|g Сергей Александрович
|
| 801 |
|
1 |
|a RU
|b 63413507
|c 20031118
|g PSBO
|
| 801 |
|
2 |
|a RU
|b 63413507
|c 20031211
|g PSBO
|
| 942 |
|
|
|c BK
|